Ranking KSW - Kategoria półciężka - Statystyki

Ogólne statystyki
  • Ten quiz został rozwiązany 34 razy
  • Średni wynik to 9 z 11
Statystyki odpowiedzi
Pozycja Zawodnik Narodowość % Poprawnych
3 Bohdan Gnidko Ukraina
97%
2 Damian Piwowarczyk Polska
97%
Champion Rafał Haratyk Polska
97%
1 Marcin Wójcik Polska
94%
8 Henrique da Silva Brazylia
84%
6 Kleber Raimundo Silva Brazylia
84%
7 Bartosz Leśko Polska
77%
5 Sergiusz Zając Polska
74%
4 Maciej Różański Polska
61%
10 Dominik Humburger Czechy
45%
9 Rafał Kijańczuk Polska
42%
Nie znaleziono quizów pasujących do podanych kryteriów
Rozkład punktacji
Procent ludzi z każdym wynikiem
Percentyl według liczby udzielonych odpowiedzi
Twoja historia wyników
Nie rozwiązałeś tego quizu